Citizenship in contemporary times: (Record no. 751347)

MARC details
000 -LEADER
fixed length control field 00390nam a22001337a 4500
020 ## - INTERNATIONAL STANDARD BOOK NUMBER
ISBN 9781032668109
082 ## - DEWEY DECIMAL CLASSIFICATION NUMBER
Classification number 342.540 83 CHA/C
100 ## - MAIN ENTRY--AUTHOR NAME
Personal name Chakraborthy, Gorky
245 ## - TITLE STATEMENT
Title Citizenship in contemporary times:
Sub Title the Indian context/
Statement of responsibility, etc by Gorky Chakraborthy
260 ## - PUBLICATION, DISTRIBUTION, ETC. (IMPRINT)
Place of publication . - London
Name of publisher : Routledge
Year of publication , 2024
300 ## - PHYSICAL DESCRIPTION
Number of Pages xvii+284 pages
942 ## - ADDED ENTRY ELEMENTS (KOHA)
Source of classification or shelving scheme Dewey Decimal Classification
Koha item type Book
Holdings
Withdrawn status Lost status Source of classification or shelving scheme Damaged status Not for loan Home Library Current Location Date acquired Full call number Accession Number Price effective from Koha item type
    Dewey Decimal Classification     Dept. of Political Science Dept. of Political Science 03/03/2025 342.540 83 CHA/C POL23776 12/09/2025 Book